Eastern Utah Libraries Catalog: Duchesne, Heber, Roosevelt, & Vernal

Kitty Sweet Tooth. (Record no. 384554)

MARC details
000 -LEADER
fixed length control field 02008aam a2200457 i 4500
001 - CONTROL NUMBER
control field on1244432380
003 - CONTROL NUMBER IDENTIFIER
control field OCoLC
005 - DATE AND TIME OF LATEST TRANSACTION
control field 20230523144932.0
008 - FIXED-LENGTH DATA ELEMENTS--GENERAL INFORMATION
fixed length control field 210401t20212021nyua b 6 000 0 eng d
010 ## - LIBRARY OF CONGRESS CONTROL NUMBER
LC control number 2020911253
020 ## - INTERNATIONAL STANDARD BOOK NUMBER
International Standard Book Number 9781250196774
Qualifying information (hbk.)
020 ## - INTERNATIONAL STANDARD BOOK NUMBER
International Standard Book Number 1250196779
Qualifying information (hbk.)
035 ## - SYSTEM CONTROL NUMBER
System control number (OCoLC)1244432380
040 ## - CATALOGING SOURCE
Original cataloging agency IG$
Language of cataloging eng
Description conventions rda
Transcribing agency IG$
Modifying agency TnLvILS
092 ## - LOCALLY ASSIGNED DEWEY CALL NUMBER (OCLC)
Classification number junior graphic
Item number Denson
100 1# - MAIN ENTRY--PERSONAL NAME
Personal name Denson, Abby,
Relator term author.
9 (RLIN) 6467915
245 10 - TITLE STATEMENT
Title Kitty Sweet Tooth.
Number of part/section of a work 1 /
Statement of responsibility, etc written by Abby Denson ; art by Utomaru.
250 ## - EDITION STATEMENT
Edition statement First edition.
264 #1 - Production, Publication, Distribution, Manufacture, and Copyright Notice.
Place of production, publication, distribution, manufacture New York :
Name of producer, publisher, distributor, manufacturer First Second,
Date of production, publication, distribution, manufacture, or copyr 2021.
264 #4 - Production, Publication, Distribution, Manufacture, and Copyright Notice.
Date of production, publication, distribution, manufacture, or copyr ©2021.
300 ## - PHYSICAL DESCRIPTION
Extent 93 pages :
Other physical details chiefly color illustrations ;
Dimensions 24 cm.
336 ## - Content Type
Content type term text
336 ## - Content Type
Content type term still image
337 ## - Media type
Media type term unmediated
338 ## - Carrier type
Carrier type term volume
500 ## - GENERAL NOTE
General note Volume numbering from spine.
520 ## - SUMMARY, ETC.
Summary, etc "There's just one thing Kitty Sweet Tooth loves more than going to movies, and that's eating delicious desserts. Now that Pop-Pop's movie theater has fallen on hard times, Kitty decides that only dessert can keep it from closing its doors. With a coat of paint, a tasty new menu, and a lot of hard work, Kitty and her friends transform this ramshackle theater into the Taste-O-Rama, a combination movie house restaurant."--
650 #0 - SUBJECT ADDED ENTRY--TOPICAL TERM
Topical term or geographic name as entry element Cats
Form subdivision Comic books, strips, etc.
9 (RLIN) 5686642
650 #0 - SUBJECT ADDED ENTRY--TOPICAL TERM
Topical term or geographic name as entry element Desserts
Form subdivision Comic books, strips, etc.
9 (RLIN) 6467916
650 #0 - SUBJECT ADDED ENTRY--TOPICAL TERM
Topical term or geographic name as entry element Motion picture theaters
Form subdivision Comic books, strips, etc.
9 (RLIN) 6467917
650 #0 - SUBJECT ADDED ENTRY--TOPICAL TERM
Topical term or geographic name as entry element Magic
Form subdivision Comic books, strips, etc.
9 (RLIN) 5676300
650 #1 - SUBJECT ADDED ENTRY--TOPICAL TERM
Topical term or geographic name as entry element Cats
Form subdivision Fiction.
9 (RLIN) 5674208
650 #1 - SUBJECT ADDED ENTRY--TOPICAL TERM
Topical term or geographic name as entry element Desserts
Form subdivision Fiction.
9 (RLIN) 5694110
650 #1 - SUBJECT ADDED ENTRY--TOPICAL TERM
Topical term or geographic name as entry element Motion picture theaters
Form subdivision Fiction.
9 (RLIN) 6397934
650 #1 - SUBJECT ADDED ENTRY--TOPICAL TERM
Topical term or geographic name as entry element Magic
Form subdivision Fiction.
9 (RLIN) 5673694
655 #7 - INDEX TERM--GENRE/FORM
Genre/form data or focus term Humorous comics.
Source of term lcgft.
9 (RLIN) 5716565
655 #7 - INDEX TERM--GENRE/FORM
Genre/form data or focus term Graphic novels.
Source of term lcgft.
655 #7 - INDEX TERM--GENRE/FORM
Genre/form data or focus term Comics (Graphic works)
Source of term lcgft.
9 (RLIN) 5689343
700 0# - ADDED ENTRY--PERSONAL NAME
Personal name Utomaru,
Relator term illustrator.
9 (RLIN) 6467918
942 ## - ADDED ENTRY ELEMENTS (KOHA)
Source of classification or shelving scheme Dewey Decimal Classification
Koha item type BOOK
Holdings
Withdrawn status Lost status Source of classification or shelving scheme Damaged status Not for loan Collection code Home library Current library Shelving location Date acquired Source of acquisition Serial Enumeration / chronology Total Checkouts Total Renewals Full call number Barcode Checked out Date last seen Date checked out Cost, replacement price Price effective from Koha item type
    Dewey Decimal Classification     Junior Graphic Novels Wasatch County Library Wasatch County Library First Floor 05/23/2023 Amazon #1 Kitty Sweet Tooth 20 16 J GN Denson 34301002017665 04/17/2026 02/18/2026 02/18/2026 17.99 05/23/2023 BOOK
This project was made possible through a grant from the Institute of Museum and Library Service administered by the Utah State Library Division.

Wasatch County Library

  • 465 East 1200 South, Heber City, Utah 84032
  • Phone 435-654-1511 | Fax 435-654-6456

Hours

  • Monday - Friday 9:30 AM - 8:00 PM
  • Saturday 9:30 AM - 1:30 PM
  • Closed Sundays and Holidays